Drevené mosty na Slovensku - nosné systémy

Salvato in:
Dettagli Bibliografici
Autore principale: Ďurnek, Vladimír (Autore)
Altri autori: Sandanus, Jaroslav (Relatore della tesi)
Natura: Manoscritto Libro
Lingua:slovacco
Pubblicazione: 2023
Soggetti:
Accesso online:http://is.stuba.sk/zp/portal_zp.pl?podrobnosti=161830
https://opac.crzp.sk/?fn=detailBiblioForm&sid=D51643D01657CDEC2992B6F06848
Tags: Aggiungi Tag
Nessun Tag, puoi essere il primo ad aggiungerne!!

MARC

LEADER 00000ntm a22000003a 4500
001 stuzp94961
003 SK-STU
005 20230918144941.5
007 ta
008 150427s2015----xo-----f-mn---000-0-slo-d
040 |a STU  |b slo 
041 0 |a slo 
100 1 |a Ďurnek, Vladimír  |u 010190  |4 aut  |U SvF Stavebná fakulta  |T SvF Katedra kovových a drevených konštrukcií  |X 110097  |U V190  |Y 21  |7 110097 
242 0 1 |a Timber Bridges in Slovakia  |y eng 
245 1 0 |a Drevené mosty na Slovensku - nosné systémy 
260 |c 2023 
650 4 |a mosty  |2 slo 
650 4 |a Slovensko  |2 slo 
650 4 |a analýza  |2 slo 
650 4 |a drevo  |2 slo 
650 4 |a timber  |2 eng 
650 4 |a bridges  |2 eng 
650 4 |a analysis  |2 eng 
650 4 |a Slovakia  |2 eng 
700 1 |a Sandanus, Jaroslav  |u 010190  |k Z1  |4 ths  |U SvF Stavebná fakulta  |T SvF Katedra kovových a drevených konštrukcií  |X 2750  |U V190  |Y 21  |7 A000002750 
856 4 |u http://is.stuba.sk/zp/portal_zp.pl?podrobnosti=161830 
856 4 |u https://opac.crzp.sk/?fn=detailBiblioForm&sid=D51643D01657CDEC2992B6F06848